LEADER 00887nam0-22003131i-450- 001 990001643060403321 005 20050412090620.0 035 $a000164306 035 $aFED01000164306 035 $a(Aleph)000164306FED01 035 $a000164306 100 $a20030910d19079999km-y0itay50------ba 101 0 $aspa 200 1 $aCatalogos da fauna brasileira$fHermann von Ihering, Rodolpho von Ihering 210 $aSao Paulo$cTyp. de Diario official$d1907- 215 $av.$d23 cm 327 0 $a1.: As aves do Brazil. 610 0 $aAvifauna 610 0 $aUccelli 676 $a598.29 700 1$aIhering,$bHermann von$00 702 1$aJhering,$bRudolf von$f<1818?1892> 801 0$aIT$bUNINA$gRICA$2UNIMARC 901 $aBK 912 $a990001643060403321 952 $a60 598.29 B 3$fFAGBC 959 $aFAGBC 996 $aCatalogos da fauna brasileira$9368124 997 $aUNINA LEADER 00845nam0-22002891i-450- 001 990000110810403321 035 $a000011081 035 $aFED01000011081 035 $a(Aleph)000011081FED01 035 $a000011081 100 $a20011111d--------km-y0itay50------ba 101 0 $aita 105 $ay-------001yy 200 1 $a<>darstellung des schmiedbaren eisens$ein praktischer und theoretischer beziehung. 210 $aBraunschweig$cF. Vieweg und sohn$d1875 215 $a967, XVIII p., 4 tav.$cill.$d23 cm 610 0 $aSiderurgia 676 $a669.1 700 1$aWedding,$bHermann$06781 801 0$aIT$bUNINA$gRICA$2UNIMARC 901 $aBK 912 $a990000110810403321 952 $a13 AR 17 B 11$b2758$fFINBC 959 $aFINBC 996 $aDarstellung des schmiedbaren eisens$9115149 997 $aUNINA DB $aING01 LEADER 01518nam 2200397 450 001 9910705778403321 005 20181121111441.0 035 $a(CKB)5470000002452620 035 $a(OCoLC)1051771977 035 $a(EXLCZ)995470000002452620 100 $a20180912d2013 ua 0 101 0 $aeng 135 $aur||||||||||| 181 $ctxt$2rdacontent 182 $cc$2rdamedia 183 $acr$2rdacarrier 200 00$aU.S./Mexico sister cities of Presidio, TX and Ojinaga, Chih. $ecross border contingency plan update 2013 210 1$a[Washington, D.C.?] :$c[United States Environmental Protection Agency],$d[2013] 215 $a1 online resource (61 unnumbered pages) $cillustrations, maps, forms 300 $a"This agreement ... executed on June 2013"--Page 8. 517 $aU.S./Mexico sister cities of Presidio, TX and Ojinaga, Chih 606 $aHazardous substances$xLaw and legislation$zTexas$zPresidio 606 $aHazardous substances$xLaw and legislation$zMexico$zOjinaga 606 $aHazard mitigation$zMexican-American Border Region 606 $aEmergency management$zMexican-American Border Region 615 0$aHazardous substances$xLaw and legislation 615 0$aHazardous substances$xLaw and legislation 615 0$aHazard mitigation 615 0$aEmergency management 712 02$aUnited States.$bEnvironmental Protection Agency, 801 0$bGPO 801 1$bGPO 906 $aBOOK 912 $a9910705778403321 996 $aUS$9712200 997 $aUNINA LEADER 02303nam 22004813a 450 001 9910316448803321 005 20250204000925.0 010 $a9783863953973 024 7 $a10.17875/gup2019-1145 035 $a(CKB)4100000007881614 035 $a(OAPEN)1004803 035 $a(oapen)https://directory.doabooks.org/handle/20.500.12854/39205 035 $a(ScCtBLL)2512b033-781b-43b6-9151-176ecd0da540 035 $a(OCoLC)1100533993 035 $a(oapen)doab39205 035 $a(EXLCZ)994100000007881614 100 $a20250204i20192020 uu 101 0 $aeng 135 $auuuuu---auuuu 181 $ctxt$2rdacontent 182 $cc$2rdamedia 183 $acr$2rdacarrier 200 00$aOpferorientierung im Strafvollzug$fChristiane Jesse, Thomas Bliesener, Katrin Höffler 210 $cUniversita?tsverlag Go?ttingen$d2019 210 1$a[s.l.] :$cUniversitätsverlag Göttingen,$d2019. 215 $a1 online resource (1 p.) 311 08$a9783863953973 311 08$a3863953975 330 $aThe feeling of grief and other emotions victims of a crime may face are not limited to certain stages in the criminal proceeding and do not necessarily end with conviction and imprisonment of the offender. Disregarding the needs of the victim, the German penal system generally focuses only on offenders and the need to reintegrate them into society. By implementing laws concerning restorative justice programs in the prison system the German legislator seeks to dissolve this apparent contradiction. During this international conference both practitioners and scholars depicted existing restorative justice programs and outlined their legal framework. It became apparent that the reintegration of criminal offenders and additional considerations of victim interests do not necessarily exclude each other but, to the contrary, may even complement one another. 606 $aLaw$2bicssc 610 $arestorative justice program 610 $areintegration 610 $avictim interests 615 7$aLaw 700 $aJesse$b Christiane$01786785 702 $aBliesener$b Thomas 702 $aHöffler$b Katrin 801 0$bScCtBLL 801 1$bScCtBLL 906 $aBOOK 912 $a9910316448803321 996 $aOpferorientierung im Strafvollzug$94318957 997 $aUNINA LEADER 01173nas 2200397-a 450 001 9910892920903321 005 20260127110848.0 035 $a(CKB)991042754027428 035 $a(CONSER)sn-98032367- 035 $a(DE-599)ZDB2912437-2 035 $a(DE-599)2912437-2 035 $a(EXLCZ)99991042754027428 100 $a19960404a19969999 --o c 101 0 $arus 200 00$aRossica 210 $aPraha $cEuroslavica$d1996- 215 $a1 online resource 311 08$aPrint version: Rossica. 1211-7234 (DLC)sn-98032367- (OCoLC)38553973 606 $aSlavic philology, Eastern$vPeriodicals 606 $aFilologie$2gtt 606 $aOekraïens$2gtt 606 $aRussisch$2gtt 606 $aWit-Russisch$2gtt 607 $aRussia (Federation)$xCivilization$vPeriodicals 607 $aUkraine$xCivilization$vPeriodicals 607 $aBelarus$xCivilization$vPeriodicals 615 0$aSlavic philology, Eastern 615 17$aFilologie. 615 17$aOekraïens. 615 17$aRussisch. 615 17$aWit-Russisch. 906 $aJOURNAL 912 $a9910892920903321 920 $aexl_impl conversion 996 $aRossica$91323788 997 $aUNINA